|
|
|
|
| LEADER |
00000nam a2200000 a 4500 |
| 001 |
vtls001328616 |
| 003 |
SK-MaSNL |
| 005 |
20260223215053.0 |
| 008 |
180126sm y0 xo 0 und |
| 035 |
|
|
|a SNK000281442
|
| 040 |
|
|
|a SNK
|b slo
|c SNK
|e AACR2
|
| 044 |
|
|
|a xo
|c SK
|
| 245 |
1 |
|
|a STN ISO 4318 Povrchovo aktívne látky a mydlá
|h Stanovenie obsahu vody - Metóda azeotropickej destolácie
|
| 260 |
|
|
|a Bratislava
|b Slovenský ústav technickej normalizácie
|c 1998
|
| 300 |
|
|
|a 8 s.
|
| 999 |
|
|
|c 717841
|d 719771
|
| 952 |
|
|
|t P60, <03>, [BOOK], {603}
|a SNK
|b SNK
|y PREZ
|7 0
|p 17A0134233
|o snkSTN ISO 4318
|i snkN 479/98
|0 0
|1 0
|4 0
|d 1998-04-22
|l 0
|r 2005-01-02 00:00:00
|w 2026-02-23
|
| 952 |
|
|
|t P60, <04>, [BOOK], {604}
|a SNK
|b SNK
|y VYP
|7 0
|p 17A0134234
|o snkSTN ISO 4318 D1
|i snkN 480/98
|0 0
|1 0
|4 0
|d 1998-04-22
|l 0
|r 2005-01-02 00:00:00
|w 2026-02-23
|